[Event "Gibraltar Amateurs op-A"]
[Site "Caleta"]
[Date "2020.01.24"]
[Round "5"]
[White "Hudson, Jeremy"]
[Black "Kovacevic, Aleksandar S"]
[Result "0-1"]
[WhiteElo "1570"]
[BlackElo "1804"]
[PlyCount "52"]
[EventDate "2020.01.20"]
[EventType "swiss"]
[EventRounds "5"]
[EventCountry "GGB"]
[SourceTitle "CBM 194 Extra"]
[Source "ChessBase"]
[SourceDate "2020.03.31"]
[SourceVersion "1"]
[SourceVersionDate "2020.03.31"]
[SourceQuality "1"]

1. e4 e6 2. c4 d5 3. exd5 exd5 4. cxd5 Qxd5 5. Nc3 Qd8 6. Bc4 Nf6 7. Qb3 Qe7+ 8. Nge2 Nc6 9. d3 a6 10. Bf4 b5 11. Bxb5 axb5 12. Nxb5 Rb8 13. 0-0 g5 14. Ned4 Nxd4 15. Nxc7+ Qxc7 16. Qxb8 Qxb8 17. Bxb8 Nc6 18. Rac1 Kd7 19. Bg3 Nd5 20. a4 f5 21. f4 Nd4 22. Rfe1 gxf4 23. Bf2 Ne3 24. Kh1 Bb7 25. Bxe3 fxe3 26. Rxe3 Bh6 0-1

[Event "Gibraltar Amateurs op-A"]
[Site "Caleta"]
[Date "2020.01.22"]
[Round "3"]
[White "Hudson, Jeremy"]
[Black "Bryant, Richard BE"]
[Result "1-0"]
[WhiteElo "1570"]
[BlackElo "1849"]
[PlyCount "135"]
[EventDate "2020.01.20"]
[EventType "swiss"]
[EventRounds "5"]
[EventCountry "GGB"]
[SourceTitle "CBM 194 Extra"]
[Source "ChessBase"]
[SourceDate "2020.03.31"]
[SourceVersion "1"]
[SourceVersionDate "2020.03.31"]
[SourceQuality "1"]

1. e4 e6 2. c4 b6 3. Nc3 Bb7 4. d4 Bb4 5. d5 e5 6. Nf3 Bxc3+ 7. bxc3 d6 8. Bd3 Nd7 9. Be3 Ngf6 10. Nd2 0-0 11. 0-0 Nc5 12. Bxc5 dxc5 13. f4 Nd7 14. f5 Nf6 15. g4 h6 16. h4 Nh7 17. Nf3 Qe7 18. Qd2 f6 19. Qh2 Rfe8 20. Kf2 Kf7 21. g5 Nf8 22. Rg1 Red8 23. gxh6 gxh6 24. Bc2 b5 25. Qg3 Rd7 26. cxb5 c4 27. Qg7+ Ke8 28. Qxe7+ Kxe7 29. Nd2 a6 30. a4 axb5 31. axb5 Rxa1 32. Rxa1 c6 33. bxc6 Bxc6 34. Nxc4 Bb5 35. Bd3 Bxc4 36. Bxc4 Rc7 37. Bb5 Rxc3 38. Ra7+ Kd8 39. Rf7 Rb3 40. Rxf8+ Ke7 41. Re8+ Kd6 42. Re6+ Kc5 43. Be2 Rh3 44. h5 Kd4 45. Bf3 Rh2+ 46. Kg3 Rd2 47. Rxf6 Ke3 48. Rb6 Ra2 49. d6 Ra7 50. Rb5 Rg7+ 51. Kh2 Kxf3 52. Rxe5 Rg2+ 53. Kh1 Rg5 54. Re6 Rxh5+ 55. Kg1 Rg5+ 56. Kf1 Rh5 57. Rg6 Rh1+ 58. Rg1 Rh2 59. f6 Ra2 60. Ke1 Ra1+ 61. Kd2 Ra2+ 62. Kd3 Ra3+ 63. Kd4 Ra4+ 64. Kd5 Ra5+ 65. Ke6 Kxe4 66. Re1+ Kd4 67. d7 Ra6+ 68. Ke7 1-0

[Event "Gibraltar Amateur op-B"]
[Site "Caleta"]
[Date "2019.01.30"]
[Round "5"]
[White "Hudson, Jeremy"]
[Black "Russell, Logan"]
[Result "0-1"]
[WhiteElo "1603"]
[BlackElo "1185"]
[PlyCount "47"]
[EventDate "2019.01.26"]
[EventType "swiss"]
[EventRounds "5"]
[EventCountry "GGB"]
[SourceTitle "EXT 2021"]
[Source "ChessBase"]
[SourceDate "2020.10.23"]
[SourceVersion "1"]
[SourceVersionDate "2020.10.23"]
[SourceQuality "1"]

1. Nf3 c5 2. g3 Nc6 3. Bg2 e6 4. d3 Nf6 5. c4 Qc7 6. Nc3 a6 7. Bg5 Be7 8. 0-0 b6 9. a3 Bb7 10. Rb1 d5 11. cxd5 Nxd5 12. Bd2 Ne5 13. Nxd5 Bxd5 14. Nxe5 Qxe5 15. e4 Bb7 16. Bc3 Qg5 17. f4 Qh6 18. Kh1 0-0 19. b4 f5 20. Qe2 b5 21. e5 Bxg2+ 22. Qxg2 Rad8 23. Rfd1 Qh5 24. Rb2 0-1

[Event "London Chess Classic op 10th"]
[Site "London"]
[Date "2018.12.13"]
[Round "5"]
[White "Solovieva, Kristina"]
[Black "Hudson, Jeremy"]
[Result "1/2-1/2"]
[WhiteElo "1375"]
[BlackElo "1629"]
[PlyCount "64"]
[EventDate "2018.12.09"]
[EventType "swiss"]
[EventRounds "5"]
[EventCountry "ENG"]
[SourceTitle "EXT 2021"]
[Source "ChessBase"]
[SourceDate "2020.10.23"]
[SourceVersion "1"]
[SourceVersionDate "2020.10.23"]
[SourceQuality "1"]

1. e4 e5 2. Nf3 Nc6 3. d4 Nxd4 4. Nxd4 exd4 5. Qxd4 Ne7 6. Nc3 Nc6 7. Qe3 Nb4 8. Qe2 c6 9. a3 Qa5 10. Be3 Na6 11. Qd2 b5 12. Na2 Qxd2+ 13. Bxd2 Nc5 14. Nc3 d6 15. b4 Ne6 16. Bd3 Be7 17. 0-0 0-0 18. Rab1 Bf6 19. Rfe1 Bd4 20. Ne2 Bb6 21. Nf4 Bd7 22. Nxe6 Bxe6 23. Be3 Bxe3 24. Rxe3 a5 25. Ree1 axb4 26. axb4 Ra4 27. h3 Rfa8 28. Kh2 h6 29. Kg3 Ra3 30. f3 Kf8 31. Rb2 Ke7 32. Rbb1 R3a4 1/2-1/2

[Event "London Chess Classic op 10th"]
[Site "London"]
[Date "2018.12.12"]
[Round "4"]
[White "Hudson, Jeremy"]
[Black "Lee, William Joseph"]
[Result "1-0"]
[WhiteElo "1629"]
[BlackElo "1391"]
[PlyCount "87"]
[EventDate "2018.12.09"]
[EventType "swiss"]
[EventRounds "5"]
[EventCountry "ENG"]
[SourceTitle "EXT 2021"]
[Source "ChessBase"]
[SourceDate "2020.10.23"]
[SourceVersion "1"]
[SourceVersionDate "2020.10.23"]
[SourceQuality "1"]

1. d4 d5 2. Nf3 Nf6 3. c4 e6 4. Nc3 c5 5. e3 Nc6 6. cxd5 exd5 7. Be2 Bd6 8. 0-0 0-0 9. a3 Be6 10. Bd2 Ne4 11. Nb5 a6 12. Nxd6 Qxd6 13. dxc5 Qxc5 14. Rc1 Qd6 15. Be1 Rad8 16. Nd4 Nxd4 17. Qxd4 Rfe8 18. f3 Nf6 19. Bg3 Qd7 20. Rc7 Qxc7 21. Bxc7 Rc8 22. Be5 Nd7 23. Bxg7 Rc2 24. Bh6 f6 25. Bd3 Rd2 26. Qc3 Rxd3 27. Qxd3 f5 28. Rc1 Kf7 29. Rc7 Rg8 30. Rxd7+ Bxd7 31. Qxd5+ Be6 32. Qxb7+ Kg6 33. Bf4 Rc8 34. Qxa6 Kf6 35. b4 Kf7 36. Qa7+ Kg6 37. b5 Rc1+ 38. Kf2 Rc2+ 39. Kg3 h5 40. Qe7 Bf7 41. Qg5+ Kh7 42. Be5 Bg6 43. Qe7+ Kh6 44. Bf4# 1-0

[Event "London Chess Classic op 10th"]
[Site "London"]
[Date "2018.12.09"]
[Round "1"]
[White "Muhunthan, Charukgan"]
[Black "Hudson, Jeremy"]
[Result "1-0"]
[WhiteElo "1349"]
[BlackElo "1629"]
[PlyCount "45"]
[EventDate "2018.12.09"]
[EventType "swiss"]
[EventRounds "5"]
[EventCountry "ENG"]
[SourceTitle "EXT 2021"]
[Source "ChessBase"]
[SourceDate "2020.10.23"]
[SourceVersion "1"]
[SourceVersionDate "2020.10.23"]
[SourceQuality "1"]

1. e4 e5 2. Nf3 Nc6 3. Bb5 a6 4. Ba4 d6 5. 0-0 Bg4 6. c3 b5 7. Bb3 Qf6 8. d3 Bxf3 9. Qxf3 Qxf3 10. gxf3 h6 11. f4 Nf6 12. f3 Be7 13. Be3 Na5 14. a4 0-0 15. axb5 axb5 16. Nd2 Nc6 17. Kh1 Rfd8 18. Rg1 Kf8 19. fxe5 dxe5 20. f4 exf4 21. Bxf4 Bd6 22. Bxd6+ Rxd6 23. Rxa8+ 1-0

[Event "Gibraltar Amateur op-A"]
[Site "Caleta"]
[Date "2017.01.25"]
[Round "3"]
[White "Hudson, Jeremy"]
[Black "Smedsrud, Morten S"]
[Result "1-0"]
[WhiteElo "1633"]
[BlackElo "1345"]
[PlyCount "64"]
[EventDate "2017.01.23"]
[EventType "swiss"]
[EventRounds "5"]
[EventCountry "GGB"]
[SourceTitle "CBM 176 Extra"]
[Source "ChessBase"]
[SourceDate "2017.03.02"]
[SourceVersion "1"]
[SourceVersionDate "2017.03.02"]
[SourceQuality "1"]

1. Nf3 Nf6 2. g3 d5 3. d4 Bf5 4. Bg2 e6 5. 0-0 Be7 6. c4 0-0 7. Nc3 c6 8. Qb3 Qb6 9. Qa4 Nbd7 10. c5 Qd8 11. Qb3 b6 12. cxb6 axb6 13. Nd2 c5 14. dxc5 bxc5 15. e4 c4 16. Qd1 Bg4 17. f3 Qb6+ 18. Kh1 Bh5 19. g4 Bg6 20. f4 Nc5 21. Qe2 Nd3 22. f5 Nxg4 23. Qxg4 Nf2+ 24. Rxf2 Qxf2 25. fxg6 Bc5 26. gxh7+ Kh8 27. Qd1 f5 28. exd5 Rf6 29. Qf1 Qh4 30. Nf3 Qh5 31. Bf4 Rg6 32. Rd1 Rd8 1-0

[Event "Angers op 10th"]
[Site "Angers"]
[Date "2015.04.25"]
[Round "3"]
[White "Saintilan, Sebastien"]
[Black "Hudson, Jeremy"]
[Result "1-0"]
[WhiteElo "1569"]
[BlackElo "1631"]
[PlyCount "90"]
[EventDate "2015.04.24"]
[EventType "swiss"]
[EventRounds "6"]
[EventCountry "FRA"]
[SourceTitle "CBM 166 Extra"]
[Source "ChessBase"]
[SourceDate "2015.06.18"]
[SourceVersion "1"]
[SourceVersionDate "2015.06.18"]
[SourceQuality "1"]

1. Nf3 Nf6 2. g3 c6 3. Bg2 d5 4. d3 g6 5. 0-0 Bg7 6. Re1 0-0 7. Nbd2 Na6 8. e4 dxe4 9. Nxe4 Nxe4 10. Rxe4 Bf5 11. Re1 Re8 12. Nh4 Be6 13. c3 Nc7 14. d4 Qc8 15. Bf4 Nd5 16. Bd2 Bg4 17. Bf3 Bxf3 18. Nxf3 Qf5 19. Nh4 Qh3 20. Qf3 Rad8 21. Qg2 Qd7 22. Re2 b5 23. Rae1 a5 24. Nf3 Qc7 25. Bg5 f6 26. Bd2 Rd6 27. Qh3 Qd7 28. Qg2 Qd8 29. a3 a4 30. Qh3 Qc8 31. Qg2 Kf7 32. h4 h5 33. Nh2 Qf5 34. Nf1 Qc8 35. Ne3 Qd7 36. Nxd5 cxd5 37. Bf4 Rc6 38. Qf3 Qf5 39. Kg2 Qc8 40. Qxd5+ e6 41. Qxb5 g5 42. hxg5 fxg5 43. Qxg5 Qa8 44. Qxh5+ Kf8 45. Qf3 Qc8 1-0

[Event "Angers op 10th"]
[Site "Angers"]
[Date "2015.04.24"]
[Round "2"]
[White "Hudson, Jeremy"]
[Black "Caillot, Arnaud"]
[Result "1-0"]
[WhiteElo "1631"]
[BlackElo "1637"]
[PlyCount "68"]
[EventDate "2015.04.24"]
[EventType "swiss"]
[EventRounds "6"]
[EventCountry "FRA"]
[SourceTitle "CBM 166 Extra"]
[Source "ChessBase"]
[SourceDate "2015.06.18"]
[SourceVersion "1"]
[SourceVersionDate "2015.06.18"]
[SourceQuality "1"]

1. d4 Nf6 2. c4 e6 3. Nf3 b6 4. Nc3 Bb7 5. e3 d5 6. Bd3 Bd6 7. 0-0 0-0 8. Qc2 Nbd7 9. cxd5 exd5 10. Bd2 c5 11. Nb5 Bb8 12. b3 Ne4 13. Bc1 a6 14. Nc3 Ndf6 15. Ne2 Qd6 16. Ne5 Nd7 17. Bb2 Rc8 18. Qd1 cxd4 19. exd4 b5 20. Ng3 Nc3 21. Bxh7+ Kf8 22. Qh5 Nxe5 23. dxe5 Qxe5 24. Bf5 g6 25. Qh6+ Kg8 26. Bxc3 Rxc3 27. Rae1 Bd6 28. Rxe5 Bxe5 29. Bxg6 fxg6 30. Qxg6+ Bg7 31. Nf5 Rc7 32. h4 Rf8 33. Re1 Rd8 34. Nh6+ Kh8 1-0